| 000 | 00969nam a2200217 i 4500 | ||
|---|---|---|---|
| 001 | 32062 | ||
| 003 | ES-MaACL | ||
| 005 | 20230906154514.0 | ||
| 007 | t| | ||
| 008 | 030211s1928 gw ||||1| ger d | ||
| 110 | 2 |
_aGran Bretaña. _bForeign Office. _94480 |
|
| 245 | 1 | 4 |
_aDie Britischen Amtlichen Dokumente über den Ursprung des Weltkrieges, 1898-1914 / _cim Auftrage des Britischen Auswèartigen Amtes ; herausgegeben von G. P. Gooch und Harold Temperley. |
| 260 |
_aBerlin : _bDeutsche Verlagsgesellschaft für Politik und Geschichte, _c1928. |
||
| 300 |
_a<4> v. ; _c25 cm. |
||
| 505 | 8 | _aSon los volúmenes: 1 (parte I), 1 (parte II), 2 (parte I) y 2 (parte II), que abarcan las fechas dic. 1897-abr. 1904. | |
| 650 |
_aGuerra mundial, 1914-1918- _vFuentes. _9173441 |
||
| 650 | 1 | 4 |
_aGuerra mundial, 1914-1918- _xHistoria diplomática. _913221 |
| 700 | 1 |
_aGooch, George Peabody. _959090 |
|
| 700 | 1 |
_aTemperley, Harold. _9109670 |
|
| 852 |
_aES-MaACL _jB-3902-05 |
||
| 999 |
_c32062 _d32062 |
||